000
00331nam a2200145Ia 4500
100
_a
Liao/Samuel Y
942
_c
BK
654
_a
Microwave device
245
_a
Microwave devices & circuits
260
_b
Prentice Hall of India
_a
New Delhi
_c
1989
082
_a
621.3813
_b
LIA
300
_a
575
546
_a
ENGLISH
999
_c
25060
_d
25060